000 00783nam a2200217 i 4500
001 180652
003 ES-MaACL
005 20250903024958.0
008 120619s1977 sp |||| | spa d
080 _a517(043.2)
100 1 _aTort Pinilla, Manuel.
_9150673
245 1 0 _aSobre topologías localmente convexas en espacios de sucesiones /
_cpor Manuel Tort Pinilla.
260 _aBarcelona :
_bUniversidad, Secretariado de Publicaciones, Intercambio Científico y Extensión Universitaria,
_c1977.
300 _a18 p. ;
_c24 cm.
502 _aTesis-Univ. Barcelona (Extracto)
504 _aBibliografía: p. 18.
650 0 7 _aAnálisis matemático
_2embne
_99772
710 2 _aUniversidad de Barcelona.
_97141
852 _aES-MaACL
_jE-15362(189)
999 _c180652
_d180652